Brainrots you got from The Brainrot Trader - Statistics

General Stats
  • This quiz has been taken 4 times
  • The average score is 13 of 20
Answer Stats
Rarity Answer % Correct
Anpali Babel
100%
Legendary Clickerino Crabo
100%
Rare Cupcake Koala
100%
Doi Doi Do
100%
Los Puggies
100%
Los Spaghettis
100%
Money Money Man
100%
Noo La Polizia
100%
Orcaledon
100%
Mythic Stoppo Luminino
100%
Belula Beluga
50%
Centrucci Nuclucci
50%
Fragrama and Chocrama
50%
Los Planitos
50%
Epic Mangolini Parrocini
50%
Secret Pirulitoita Bicicleteira
50%
La Grande Combinasion
0%
Picionetta Macchina
0%
Br. God Squalanana
0%
Swag Soda
0%
No matching quizzes found
Score Distribution
Percent of People with Each Score
Percentile by Number Answered
Your Score History
You have not taken this quiz